000 00598nam a2200181Ia 4500
008 090123s9999 xx 000 0 und d
082 _b13960
_a891.463/मित्र
100 _aमित्र विमल
245 _aमधली नदी साक्षीला
250 _a1
260 _bनिशांत प्रकाशन
300 _a123
600 _aमित्र विमल
630 _aमधली नदी साक्षीला
700 _aमित्र विमल
730 _aमधली नदी साक्षीला
942 _cBOOK
999 _c52022
_d52022